00386nam a22001457a 4500010001400000020002600014035001700040037001800057082000800075100002000083245004700103260003900150270003600189300001500225 a1617CH-EN a9780241206577c450.00 aB-644214-224 aDPLbBBB/Ven. a546 aWinston, Robert aAll about chemistry / cby Robert Winston  bDorling Kindersley aLondon c2015 a80 Strand, bLondon eWC2R 0RL  a95p.c27cm